Štatistická analýza cestnej, osobnej, verejnej prepravy na Slovensku bakalárska práca

Saved in:
Bibliographic Details
Main Author: Furová, Zuzana
Corporate Author: Fakulta hospodárskej informatiky EU. Katedra štatistiky
Other Authors: Hanko, Ján
Format: Book
Language:Slovak
Published: Bratislava 2011
Tags: Add Tag
No Tags, Be the first to tag this record!

MARC

LEADER 00000nbm a2200000 4500
001 0141121
005 20161109111735.7
041 0 |a slo 
044 |a SK 
245 1 0 |a Štatistická analýza cestnej, osobnej, verejnej prepravy na Slovensku  |b bakalárska práca  |c Zuzana Furová ; školiteľ: Ján Hanko 
264 1 |a Bratislava  |c 2011 
300 |a 42 s. 
100 1 |a Furová, Zuzana 
700 1 |a Hanko, Ján 
710 2 |a Fakulta hospodárskej informatiky EU. Katedra štatistiky